00277nam a2200121Ia 4500008004100000100001500041245002900056260001800085300000900103650001900112942000700131999001700138190216s9999||||xx |||||||||||||| ||und|| aRosser G C 4aThe Poetry Of Wordsworth bPenguin Books a254p aEnglish Poetry cBK c12061d12061